000 01439nam0a22003251 4500
001 RU\INFOCOMM_318\NLR\5000071005
005 20250613102420.0
035 _a(NLR Aleph) 009442956
090 _a8356491
_c8356491
100 _a20121126d1991 |||y0rusy50 ca
101 1 _aeng
_crus
102 _aRU
105 _aa z |||||
200 1 _aJIINR tau-charm factory design considerations
_eSubmitted to IEEE 1991 particle accelerator conf., San-Francisco, California, 6-9 May, 1991
_fV. S. Alexandrov, V. K. Antropov, O. V. Arkhipov et al.
210 _aДубна
_cОбъед. ин-т ядер. исслед.
_d1991
215 _a11 с.
_cил.
_d22 см
225 1 _aОбъединенный институт ядерных исследований, Дубна
_vE9-91-178
300 _aНа 3-й с. обл.: Проектные соображения по с-τ фабрике ОИЯИ / Александров В. С. и др.
300 _aРез. на рус. яз.
320 _aБиблиогр.: с. 11
606 1 _aУскорители заряженных частиц типа "мезонная фабрика"
_9893704
_3RU\NLR\AUTH\663450
686 1 _aВ381.16
701 1 _9z01790
_aAleksandrov
_bV. S.
_gVladimir Semenovič
790 1 _9z01701
_aAlexandrov
_bV. S.
_4070
801 1 _aRU
_bNLR
_c20121126
801 0 _aRU
_bINFOCOMM
_gPSBO
852 _aNLR
_jФз01 Д-6/762
942 _cBOOK
980 _aNB